000 00626nam a2200241 a 4500
003 AR-BaBNM
005 20251128203631.0
008 082120s2002 ||||||||||||||000 | spa||
040 _cAR-BaBNM
100 1 _aRodó, José Enrique
245 0 0 _aIdeario
260 _aSantiago de Chile
_bEdiciones Ercilla
_c1941
300 _a143 p.
490 0 _aBiblioteca Amauta. América
650 4 _aLITERATURA LATINOAMERICANA
650 4 _aFILOSOFIA LITERARIA
650 4 _aENSAYO
653 _aLITERATURA URUGUAYA
655 _aLITERATURA
700 1 _aSánchez, Luis Alberto
_ecompilador
942 _cBK
998 _cMARTIN
999 _c4246
_d4246